000 00261nam a2200109 a 4500
005 20140414131953.0
008 110126s19uu xx 00 eng d
050 _aTR 793.73
_bM35 2005
100 _aMarzollo, Jean
245 _aI spy a balloon.
999 _c112841
_d112841